000 00622nam a2200229Ia 4500
003 OSt
005 20220918193111.0
006 a|||||r|||| 00| 0
007 ta
008 220917b |||||||| |||| 00| 0 eng d
024 _a71,817
037 _cTextual
040 _aARTS
_cARTS
_beng
041 _2eng
_aeng
082 _aO152,8xN5, K1;K5
100 _aoekZ] ds'kopUnz] laik-
_981027
245 0 _avk/kqfud fgUnh gkL; O;aX;
260 _afnYyh]
_bHkkjrh; KkuihB
_c1965
650 _afgUnh lkfgR;
942 _hO152,8xN5, K1;K5
_cTEXL
_2CC
999 _c197889
_d197889